000 01005cab a22002535a 4500
001 L156669
008 120619e20120609xxk 000 0 eng d
035 _a(Sirsi) u156669
041 0 _aeng
100 1 _aHardy, Alison
245 0 0 _aNew sense or nuisance
260 _c2012
490 _aEstates Gazette
_v(1223) 9 June 2012, 88-90(3)
520 _aRecent law cases that consider the point at which planning permission changes the character of a neighbourhood for the purpose of private nuisance. Mentions, "Lawrence and another v Ten Tigers Ltd and others; "Watson v Croft Promo-Sport Ltd" and "Barr & others v Biffa Waste Services Ltd".
590 _aKA
650 2 4 _aLawrence and another v Fen Tigers Ltd and others
650 2 4 _aWatson v Croft Promo-Sport Ltd
650 2 4 _aBarr & Others v Biffa Waste Services Ltd
651 4 _aEngland and Wales
_y1543-
690 _aPlanning and development
_96259
690 _aResidential property
_96266
700 1 _aBridgeman, Rob
942 _n0
999 _c84111
_d84111